| 000 | 00766cam a22002653a 4500 | ||
|---|---|---|---|
| 001 | 11957 | ||
| 003 | PGUSA | ||
| 005 | 20140828083242.0 | ||
| 008 | 040401s2004||||xxu|||||s|||||000 1 eng d | ||
| 040 |
_aPGUSA _beng |
||
| 042 | _adc | ||
| 050 | 4 | _aPS | |
| 100 | 1 |
_aCooper, James Fenimore, _d1789-1851 |
|
| 245 | 1 | 4 |
_aThe Wing-and-Wing; Or, Le Feu-Follet _h[electronic resource] / _cJames Fenimore Cooper |
| 260 |
_bProject Gutenberg, _c2004 |
||
| 506 | _aPublic domain in the USA. | ||
| 516 | _aElectronic text | ||
| 653 | _aWar stories | ||
| 653 | _aSea stories | ||
| 653 | _aHistorical fiction | ||
| 653 | _aNapoleonic Wars, 1800-1815 -- Fiction | ||
| 830 | 0 |
_aProject Gutenberg _v11957 |
|
| 856 | 4 | 0 | _uhttp://www.gutenberg.org/ebooks/11957 |
| 942 | _cEB | ||
| 999 |
_c241212 _d241212 |
||